Mountain, River, or Island? - Statistics

General Stats
  • This quiz has been taken 123 times
  • The average score is 15 of 20
Answer Stats
Question Answer % Correct
Kilimanjaro Mountain
100%
Mississippi River
100%
Madagascar Island
95%
Rhône River
95%
Vesuvius Mountain
90%
Mauna Kea Mountain
86%
Zambezi River
86%
Denali Mountain
81%
Ararat Mountain
81%
Ob River
81%
Erebus Mountain
76%
Paraná River
76%
Palawan Island
67%
Lombok Island
62%
Hiiumaa Island
62%
Viti Levu Island
62%
Syr Darya River
52%
Bug River
52%
Marajó Island
43%
Yuzhny Island
38%
No matching quizzes found
Score Distribution
Percent of People with Each Score
Percentile by Number Answered
Your Score History
You have not taken this quiz